书目信息 |
| 题名: |
剑桥商务英语教程
|
|
| 作者: | 麦克左拉 , 怀特 著 | |
| 分册: | ||
| 出版信息: | 北京 华夏出版社 2000 |
|
| 页数: | 134页 | |
| 开本: | 26cm | |
| 丛书名: | BEC考试丛书 | |
| 单 册: | ||
| 中图分类: | H31 | |
| 科图分类: | 41.68 | |
| 主题词: | 商业-英语--教材 , 英语-商业--教材 | |
| 电子资源: | ||
| ISBN: | 7-5080-2223-8 | |
| 000 | 01152nam2 2200325 45 | |
| 001 | 0194024740 | |
| 005 | 20070723190831.04 | |
| 010 | @a7-5080-2223-8@dCNY35.00 | |
| 100 | @a19940517d2000 em y0chiy0121 ea | |
| 101 | 1 | @achi@ceng |
| 102 | @aCN@b110000 | |
| 105 | @af z 000yy | |
| 200 | 10 | @a剑桥商务英语教程@AJIAN QIAO SHANG WU YING YU JIAO CHENG@e商务英语的沟通技巧@e学生用书@EXUE SHENG YONG SHU@f(英)麦克左拉,(英)怀 特著@F( YING ) MAI KE ZUO LA ,( YING ) HUAI TE ZHU |
| 205 | @a第二版@b新版 | |
| 210 | @a北京@c华夏出版社@d2000 | |
| 215 | @a134页@c图@d26cm | |
| 225 | 2 | @aBEC考试丛书 |
| 300 | @a由英国剑桥大学出版社授权,在中国大陆出版发行 | |
| 304 | @a著者原题:萨拉·琼斯·麦克左拉,格雷格·怀特 | |
| 410 | 0 | @120010@aBEC考试丛书 |
| 517 | 1 | @a商务英语的沟通技巧@Ashang wu ying yu de gou tong ji qiao |
| 540 | 1 | @a剑桥 商务 英语@AJIAN QIAO SHANG WU YING YU |
| 606 | @a商业-英语@x教材 | |
| 606 | @a英语-商业@x教材 | |
| 690 | @aH31@v三版 | |
| 692 | @a41.68 | |
| 701 | 1 | @a麦克左拉@AMAI KE ZUO LA@b萨拉·琼斯@4著 |
| 701 | 1 | @a怀特@AHUAI TE@b格雷格@4著 |
| 801 | 0 | @aCN@bTSSF@c20070723 |
| 905 | @a10447@dH31@e1052:2=2 | |
| 剑桥商务英语教程:商务英语的沟通技巧:学生用书/(英)麦克左拉,(英)怀 特著.-第二版,新版.-北京:华夏出版社,2000 |
| 134页:图;26cm.-(BEC考试丛书) |
| 由英国剑桥大学出版社授权,在中国大陆出版发行 |
| ISBN 7-5080-2223-8:CNY35.00 |
| ● |
| 相关链接 |
|
|
|
|
正题名:剑桥商务英语教程
索取号:H31/1052:2=2
 
预约/预借
| 序号 | 登录号 | 条形码 | 馆藏地/架位号 | 状态 | 备注 |
| 1 | 0517435 | 205174354 | 第二样本阅览室/ [索取号:H31/1052:2=2] | 在馆 | |
| 2 | 0783019 | 207830196 | 密集书库/ [索取号:H31/1052:2=2] | 在馆 |